000 00567nam a2200193Ia 4500
005 20260114185626.0
008 008 260114s9999 xx 000 0 eng d
020 _a9781474291262
037 _aEBOOK
040 _aCRL
_beng
_cCRL
041 _aeng
_2eng
084 _qCRL
100 _aSimon Dalby
_9872368
245 0 _aCreating the Second Cold War The Discourse of Politics
260 _bBloomsbury
_c2016
856 _uhttps://doi.org/10.5040/9781474291262?locatt=label:secondary_bloomsburyCollections
942 _cEBOOK
999 _c1471316
_d1471316